书目信息 |
| 题名: |
新思维大学英语写作教程
|
|
| 作者: | 黄若妤 编 | |
| 分册: | 第1册 上 体验大学生活 | |
| 出版信息: | 广州 华南理工大学出版社 2006.07 |
|
| 页数: | 221页 | |
| 开本: | 23cm | |
| 丛书名: | ||
| 单 册: | ||
| 中图分类: | H315 | |
| 科图分类: | ||
| 主题词: | 英语--ying yu--写作--高等学校--教学参考资料 | |
| 电子资源: | ||
| ISBN: | 7-5623-2359-3 | |
| 000 | 00931nam0 2200229 450 | |
| 001 | 012006616922 | |
| 005 | 20061219151832.00 | |
| 010 | @a7-5623-2359-3@dCNY53.00 (上下册) | |
| 100 | @a20061127d2006 km y0chiy0120 ea | |
| 101 | 0 | @achi@aeng |
| 102 | @aCN@b440000 | |
| 105 | @ay z 000yy | |
| 200 | 1 | @a新思维大学英语写作教程@Axin si wei da xue ying yu xie zuo jiao cheng@h第1册 上@h上@i体验大学生活@f黄若妤编@Fhuang ruo yu bian |
| 210 | @a广州@c华南理工大学出版社@d2006.07 | |
| 215 | @a221页@d23cm | |
| 330 | @a本书为理论篇和实践篇,理论篇内容包括英汉语思维模式的契合与变通、英文实用写作文体的语篇构架、写作基础知识与技巧、英文真实写作任务导航等,实践篇由“体验大学生活”篇的10个主题单元构成 。 | |
| 517 | 1 | @a体验大学生活@Ati yan da xue sheng huo |
| 606 | 0 | @a英语@Aying yu@x写作@x高等学校@j教学参考资料 |
| 690 | @aH315@v4 | |
| 701 | 0 | @a黄若妤@Ahuang ruo yu@4编 |
| 801 | 0 | @aCN@c20061219 |
| 905 | @a10447@dH315@eH878:1·1 | |
| 新思维大学英语写作教程.第1册 上.上.体验大学生活/黄若妤编.-广州:华南理工大学出版社,2006.07 |
| 221页;23cm |
| ISBN 7-5623-2359-3:CNY53.00 (上下册) |
| 本书为理论篇和实践篇,理论篇内容包括英汉语思维模式的契合与变通、英文实用写作文体的语篇构架、写作基础知识与技巧、英文真实写作任务导航等,实践篇由“体验大学生活”篇的10个主题单元构成 。 |
| ● |
| 相关链接 |
|
|
|
正题名:新思维大学英语写作教程
索取号:H315/H878:1·1
 
预约/预借
| 序号 | 登录号 | 条形码 | 馆藏地/架位号 | 状态 | 备注 |
| 1 | 229212 | 202292125 | 语言库209/209语言库 7排2列2层/ [索取号:H315/H878:1·1] | 在馆 | |
| 2 | 229213 | 202292134 | 语言库209/209语言库 7排2列2层/ [索取号:H315/H878:1·1] | 在馆 | |
| 3 | 229214 | 202292143 | 语言库209/209语言库 7排2列2层/ [索取号:H315/H878:1·1] | 在馆 |